Life & health insurance / (Record no. 3869)
[ view plain ]
| 000 -LEADER | |
|---|---|
| fixed length control field | 00965nac a22002891u 4500 |
| 008 - FIXED-LENGTH DATA ELEMENTS--GENERAL INFORMATION | |
| fixed length control field | 170910t2000 njua frbd 001 0 eng d |
| 020 ## - INTERNATIONAL STANDARD BOOK NUMBER | |
| International Standard Book Number | 0138912505 |
| 020 ## - INTERNATIONAL STANDARD BOOK NUMBER | |
| International Standard Book Number | 9780138912505 |
| 040 ## - CATALOGING SOURCE | |
| Original cataloging agency | EG-ScBUE |
| Language of cataloging | eng |
| Transcribing agency | EG-ScBUE |
| Modifying agency | EG-ScBUE |
| 082 04 - DEWEY DECIMAL CLASSIFICATION NUMBER | |
| Classification number | 368.300973 |
| Item number | BLA |
| Edition number | 22 |
| 100 1# - MAIN ENTRY--PERSONAL NAME | |
| Personal name | Black, Kenneth. |
| 245 10 - TITLE STATEMENT | |
| Title | Life & health insurance / |
| Statement of responsibility, etc | Kenneth Black, Harold D. Skipper. |
| 246 3# - VARYING FORM OF TITLE | |
| Title proper/short title | Life and health insurance |
| 250 ## - EDITION STATEMENT | |
| Edition statement | 13th ed. |
| 260 ## - PUBLICATION, DISTRIBUTION, ETC. (IMPRINT) | |
| Place of publication, distribution, etc | Upper Saddle River : |
| Name of publisher, distributor, etc | Prentice Hall, |
| Date of publication, distribution, etc | c.2000. |
| 300 ## - PHYSICAL DESCRIPTION | |
| Extent | xviii, 1054 p. : |
| Other physical details | ill. ; |
| Dimensions | 26 cm. |
| 500 ## - GENERAL NOTE | |
| General note | Rev. ed. of: Life insurance. 12th ed. c1994. |
| 500 ## - GENERAL NOTE | |
| General note | Index : p. 1023-1054. |
| 500 ## - GENERAL NOTE | |
| General note | Glossary : p. 989-1021. |
| 504 ## - BIBLIOGRAPHY, ETC. NOTE | |
| Bibliography, etc | Bibliography : p. 977-988. |
| 650 #7 - SUBJECT ADDED ENTRY--TOPICAL TERM | |
| Topical term or geographic name as entry element | Insurance, Life |
| Geographic subdivision | United States. |
| Source of heading or term | BUEsh |
| 650 #7 - SUBJECT ADDED ENTRY--TOPICAL TERM | |
| Topical term or geographic name as entry element | Insurance, Health |
| Geographic subdivision | United States. |
| Source of heading or term | BUEsh |
| 651 ## - SUBJECT ADDED ENTRY--GEOGRAPHIC NAME | |
| Source of heading or term | BUEsh |
| 653 ## - INDEX TERM--UNCONTROLLED | |
| Resource For college | Generalities |
| Arrived date list | September2017 |
| 700 1# - ADDED ENTRY--PERSONAL NAME | |
| Personal name | Skipper, Harold D., |
| Dates associated with a name | 1947- |
| 942 ## - ADDED ENTRY ELEMENTS (KOHA) | |
| Source of classification or shelving scheme | Dewey Decimal Classification |
| Withdrawn status | Item status | Source of classification or shelving scheme | Damaged status | Not for loan | Home library | Current library | Shelving location | Date acquired | Source of acquisition | Total Checkouts | Total Renewals | Full call number | Barcode | Date last seen | Date last borrowed | Koha item type |
|---|---|---|---|---|---|---|---|---|---|---|---|---|---|---|---|---|
| Lost & Replaced | Dewey Decimal Classification | Central Library | Central Library | First floor | 07/08/2007 | Purchase | 1 | 31 | 368.300973 BLA | 000005114 | 24/08/2016 | 02/07/2012 | Book - Borrowing | |||
| Central Library | Central Library | First floor | 07/09/2012 | Purchase | 368.300973 BLA | 000005748 | 15/07/2025 | Book - Borrowing | ||||||||
| Dewey Decimal Classification | Central Library | Central Library | First floor | 10/09/2017 | Purchase | 368.300973 BLA | 000046579 | 15/07/2025 | Book - Borrowing |